La adquisición de la fuerza de trabajo asalariado y su expresión jurídica

Đã lưu trong:
Chi tiết về thư mục
Tác giả chính: Bensusan Areous, Graciela
Định dạng: Texto
Được phát hành: México D.F.: Universidad Autónoma Metropolitana
Các nhãn: Thêm thẻ
Không có thẻ, Là người đầu tiên thẻ bản ghi này!

MARC

LEADER 00000 a a2200000 04500
001 25021
003
040
020 |a 968-597-411-X  
090 |a 178000  
100 |a Bensusan Areous, Graciela  
245 |a La adquisición de la fuerza de trabajo asalariado y su expresión jurídica  
260 |a México D.F.:   |b Universidad Autónoma Metropolitana  
300 |a 148 p.  
999 |c 5004  |d 5004